书目信息 |
| 题名: |
Internet上的化学信息资源
|
|
| 作者: | 俞庆森 编 | |
| 分册: | ||
| 出版信息: | 北京 化学工业出版社 2000.09 |
|
| 页数: | 226页 | |
| 开本: | 26cm | |
| 丛书名: | ||
| 单 册: | ||
| 中图分类: | O6-7 | |
| 科图分类: | ||
| 主题词: | 化学 | |
| 电子资源: | ||
| ISBN: | 7-5025-2984-5 | |
| 000 | 00567nam0 2200193 45 | |
| 001 | 0260231170 | |
| 005 | 2002041516435003 | |
| 010 | @a7-5025-2984-5@dRMB 22.00 | |
| 100 | @a20020415d2000 km y0chiy0120 ea | |
| 101 | 0 | @achi |
| 102 | @aCN@b110000 | |
| 200 | 1 | @aInternet上的化学信息资源@AInternet Shang De Hua Xue Xin Xi Zi Yuan@f俞庆森等编@FYu Qing Sen Deng Bian |
| 210 | @a北京@c化学工业出版社@d2000.09 | |
| 215 | @a226页@d26cm | |
| 606 | 0 | @a化学 |
| 690 | @aO6-7@v3 | |
| 701 | 0 | @a俞庆森@AYu Qing Sen@4编 |
| 801 | 0 | @aCN@bPFT@c20020415 |
| 905 | @a安徽大学@dO6-7@eY798 | |
| Internet上的化学信息资源/俞庆森等编.-北京:化学工业出版社,2000.09 |
| 226页;26cm |
| ISBN 7-5025-2984-5:RMB 22.00 |
| ● |
| 相关链接 |
|
|
|
正题名:Internet上的化学信息资源
索取号:O6-7/Y798
 
预约/预借
| 序号 | 登录号 | 条形码 | 馆藏地/架位号 | 状态 | 备注 |
| 1 | 353614 | 203536147 | 材料与化工学院资料室/ [索取号:O6-7/Y798] | 在馆 | |
| 2 | 353615 | 203536156 | 自科库401/401自科库 61排6列3层/ [索取号:O6-7/Y798] | 在馆 |